书目信息 |
| 题名: |
环境法
|
|
| 作者: | 戚道孟 主编 ;马骏 副主编 | |
| 分册: | ||
| 出版信息: | 天津 南开大学出版社 2001.03 |
|
| 页数: | 440页 | |
| 开本: | 21cm | |
| 丛书名: | ||
| 单 册: | ||
| 中图分类: | D912.601 | |
| 科图分类: | ||
| 主题词: | 环境保护法--法学--高等教育--教材 | |
| 电子资源: | ||
| ISBN: | 7-310-01499-5 | |
| 000 | 00878nam0 2200241 450 | |
| 001 | 012001047360 | |
| 005 | 20100811104522.79 | |
| 010 | @a7-310-01499-5@dCNY20.00 | |
| 100 | @a20100515d2001 em y0chiy0110 ea | |
| 101 | 0 | @achi |
| 102 | @aCN@b120000 | |
| 105 | @ay z 000yy | |
| 200 | 1 | @a环境法@Ahuan jing fa@f戚道孟主编@Fqi dao meng zhu bian@g马骏副主编@Gma jun fu zhu bian |
| 210 | @a天津@c南开大学出版社@d2001.03 | |
| 215 | @a440页@d21cm | |
| 300 | @a高等教育法学教材 高等教育自学考试法学教材 | |
| 330 | @a本教材把理论性、系统性、科学性、实用性和最新环境法律法规融为一体,全面阐述了环境法学的诸多内容,涵盖了环境污染防治、自然资源的保护和合理开发利用以及生态保护等。 | |
| 606 | 0 | @a环境保护法@x法学@x高等教育@j教材 |
| 690 | @aD912.601@v4 | |
| 701 | 0 | @a戚道孟@Aqi dao meng@4主编 |
| 702 | 0 | @a马骏@Ama jun@4副主编 |
| 801 | @c20100515 | |
| 905 | @dD912.601@eQ005@f5 | |
| 环境法/戚道孟主编/马骏副主编.-天津:南开大学出版社,2001.03 |
| 440页;21cm |
| 高等教育法学教材 高等教育自学考试法学教材 |
| ISBN 7-310-01499-5:CNY20.00 |
| 本教材把理论性、系统性、科学性、实用性和最新环境法律法规融为一体,全面阐述了环境法学的诸多内容,涵盖了环境污染防治、自然资源的保护和合理开发利用以及生态保护等。 |
| ● |
| 相关链接 |
|
|
|
正题名:环境法
索取号:D912.601/Q005
 
预约/预借
| 序号 | 登录号 | 条形码 | 馆藏地/架位号 | 状态 | 备注 |
| 1 | 1023606 | 210236065 | 社科库509/509社科库 81排4列1层/ [索取号:D912.601/Q005] | 在馆 | |
| 2 | 1023607 | 210236074 | 社科库509/509社科库 81排4列1层/ [索取号:D912.601/Q005] | 在馆 | |
| 3 | 1023608 | 210236083 | 社科库509/509社科库 81排4列1层/ [索取号:D912.601/Q005] | 在馆 | |
| 4 | 1023609 | 210236092 | 社科库509/509社科库 81排4列1层/ [索取号:D912.601/Q005] | 在馆 | |
| 5 | 1023610 | 210236109 | 社科库509/509社科库 81排4列1层/ [索取号:D912.601/Q005] | 在馆 |